LDR 01025naa#a2200181#i#450# 001 RU\\bibl\19965 005 20260701141232.3 100 ## _a20260630b2026####ek#y0rusy0150####ca 102 ## _aRU 200 1# _aАНАЛИЗ ВРЕМЕННЫХ МЕТРИК В ПРОЦЕССАХ СОГЛАСОВАНИЯ ДОКУМЕНТОВ: ВЫЯВЛЕНИЕ «УЗКИХ МЕСТ» НА ОСНОВЕ PROCESS MINING _eСтатья/тезисы конференции 210 1# _aВоронеж _cВоронежский государственный лесотехнический университет имени Г.Ф. Морозова _d2026 215 ## _a3 с. 608 ## _aСтатья/тезисы конференции _2local 675 ## _aИнформационные технологии. Компьютерные технологии. Теория вычислительных машин и систем. 004 _z 700 #1 _aКукуева _gД. С. 700 #1 _aТюнина _gА. М. 700 #1 _aКондусова _gВ. В. 856 4# _abibl.vgltu.ru _u